| Tag |
First Indicator |
Second Indicator |
Subfields |
| LEADER |
00000pam a22000004a 4500 |
| 001 |
in00001733821 |
| 005 |
20151024211920.0 |
| 008 |
010305s2001 nyuab b 001 0 eng |
| 010 |
|
|
|a 2001022491
|
| 015 |
|
|
|a GBA1-Y0310
|
| 020 |
|
|
|a 0970059124 (pbk. : alk. paper)
|
| 035 |
|
|
|a (OCoLC)ocm46456308
|
| 040 |
|
|
|a DLC
|c DLC
|d YDX
|d UKM
|d TXA
|d UtOrBLW
|
| 042 |
|
|
|a pcc
|
| 043 |
|
|
|a e-gr---
|a f-ua---
|
| 049 |
|
|
|a TXAM
|
| 050 |
0 |
0 |
|a DT72.G7
|b L49 2001
|
| 082 |
0 |
0 |
|a 932/.02
|2 21
|
| 100 |
1 |
|
|a Lewis, Naphtali.
|
| 245 |
1 |
0 |
|a Greeks in ptolemaic Egypt :
|b case studies in the social history of the Hellenistic world /
|c Naphtali Lewis.
|
| 264 |
|
1 |
|a Oakville, Conn. :
|b American Society of Papyrologists,
|c [2001]
|
| 264 |
|
4 |
|c ©2001
|
| 300 |
|
|
|a xii, 182 pages, 8 unnumbered pages of plates :
|b illustrations, maps ;
|c 22 cm.
|
| 336 |
|
|
|a text
|b txt
|2 rdacontent
|
| 337 |
|
|
|a unmediated
|b n
|2 rdamedia
|
| 338 |
|
|
|a volume
|b nc
|2 rdacarrier
|
| 490 |
1 |
|
|a Classics in papyrology ;
|v v. 2
|
| 504 |
|
|
|a Includes bibliographical references and index.
|
| 650 |
|
0 |
|a Greeks
|z Egypt.
|
| 651 |
|
0 |
|a Egypt
|x Civilization
|y 332 B.C.-638 A.D.
|
| 830 |
|
0 |
|a Classics in papyrology ;
|v v. 2.
|
| 948 |
|
|
|a cataloged
|b h
|c 2003/5/7
|d c
|e jgreene
|f 1:51:30 pm
|
| 994 |
|
|
|a E0
|b TXA
|
| 999 |
|
|
|a MARS
|
| 999 |
f |
f |
|s 6af371f7-cdd9-32e3-9f6b-e0fc99f256d4
|i be1d97ef-5eef-3567-bf40-52d91c1aada0
|t 0
|
| 952 |
f |
f |
|p normal
|a Texas A&M University
|b College Station
|c Sterling C. Evans Library
|d Evans: Library Stacks
|t 0
|e DT72.G7 L49 2001
|h Library of Congress classification
|i unmediated -- volume
|m A14830080011
|
| 998 |
f |
f |
|a DT72.G7 L49 2001
|t 0
|l Evans: Library Stacks
|